00414nam a2200169Ia 4500008004100000020001800041245004500059245002300104260001500127260001600142260000900158300001500167300002500182300001000207500000800217999001900225170705s9999 xx 000 0 und d a9780590994590 aFive little monkeys jumping on the bed / cEileen Christelow. aNew York : bScholastic, c1989 a32 pages : bcolor illustration ; c20cm. a310 c335878d335878